| 000 | 00483nam a22001697a 4500 | ||
|---|---|---|---|
| 005 | 20240301001819.0 | ||
| 008 | 240301b |||||||| |||| 00| 0 eng d | ||
| 020 | _a9789551772963 | ||
| 082 |
_222 _a322.04. _bMAL. |
||
| 100 | _aLawrence, A. | ||
| 245 |
_aMalayaha Tamils: _bPower sharing and Local Democracy in Sri Lanka / _cA. Lawrence. |
||
| 260 |
_aColombo : _bSocial Scientists Association / _c2011. |
||
| 300 | _ax, 91 p., | ||
| 650 | _aHistory. | ||
| 650 | _aPolitics | ||
| 942 | _cL | ||
| 999 |
_c523 _d523 |
||